New construction orders: December 2002 (Record no. 72114)

MARC details
000 -LEADER
fixed length control field 01058cam a2200241 4500
001 - CONTROL NUMBER
control field WB3906-02
008 - FIXED-LENGTH DATA ELEMENTS--GENERAL INFORMATION
fixed length control field 030213n2003 000 0 eng u
035 ## - SYSTEM CONTROL NUMBER
System control number (Sirsi) u121348
245 ## - TITLE STATEMENT
Title New construction orders: December 2002
260 ## - PUBLICATION, DISTRIBUTION, ETC.
Date of publication, distribution, etc. 2003
490 ## - SERIES STATEMENT
Series statement DTI Press Release
Volume/sequential designation (C-0203) 13 February 2003 (2)
520 ## - SUMMARY, ETC.
Summary, etc. Orders in 2002 rose by 8% to orders in the previous year and orders in the fourth quarter of 2002 rose by 15% compared to the same period in 2001. There was a 10% fall in the fourth quarter of 2002 compared to the previous quarter. During 2002, there was growth in all sectors except private industrial orders. http://www.gnn.gov.uk/gnn/national.nsf/Today's+Releases+Frame/92AC867AF661818A80256CCC0036D837?opendocument
590 ## - LOCAL NOTE (RLIN)
Local note WB
650 ## - SUBJECT ADDED ENTRY--TOPICAL TERM
Topical term or geographic name entry element CONSTRUCTION ORDERS
650 ## - SUBJECT ADDED ENTRY--TOPICAL TERM
Topical term or geographic name entry element PRIVATE HOUSING
650 ## - SUBJECT ADDED ENTRY--TOPICAL TERM
Topical term or geographic name entry element Infrastructure
9 (RLIN) 6246
650 ## - SUBJECT ADDED ENTRY--TOPICAL TERM
Topical term or geographic name entry element PRIVATE COMMERCIAL
650 ## - SUBJECT ADDED ENTRY--TOPICAL TERM
Topical term or geographic name entry element PRIVATE INDUSTRIAL
650 ## - SUBJECT ADDED ENTRY--TOPICAL TERM
Topical term or geographic name entry element PUBLIC NON-HOUSING
650 ## - SUBJECT ADDED ENTRY--TOPICAL TERM
Topical term or geographic name entry element PUBLIC WORKS CONTRACTS
690 ## - LOCAL SUBJECT ADDED ENTRY--TOPICAL TERM (OCLC, RLIN)
Topical term or geographic name as entry element BUILT ENVIRONMENT
942 ## - ADDED ENTRY ELEMENTS (KOHA)
Suppress in OPAC 0
Holdings
Withdrawn status Lost status Source of classification or shelving scheme Damaged status Not for loan Home library Current library Shelving location Date acquired Total Checkouts Full call number Barcode Date last seen Copy number Price effective from Koha item type
    Dewey Decimal Classification     London London News article 13/02/2003   WB3906-02 121348-1001 06/08/2019 1 06/08/2019 News article